000 00684nam a22002177a 4500
005 20160121063337.0
008 120427s2013 nyu b 001 0 eng
020 _a9780071798976 (alk. paper)
020 _a0071798978 (alk. paper)
020 _a9780071798983 (ebk.)
041 0 _aeng
080 _a330.322
100 1 _aKingsbury, Kathleen Burns,
245 1 0 _aHow to give financial advice to women :
_cKathleen Burns Kingsbury.
260 _aNew York :
_bMcGraw-Hill,
_c2013.
300 _a260 f. ;
_c25 cm.
505 0 _aIndex: f. 249 - 258
650 0 _aFinanca
_xMarketing
650 0 _aInvestimet
942 _2udc
_cBK
999 _c539
_d539